La conversión de un zegrí (Record no. 185540)

MARC details
000 -LEADER
campo de control de longitud fija 00814nam a2200193 i 4500
001 - NÚMERO DE CONTROL
campo de control 185540
003 - IDENTIFICADOR DE NÚMERO DE CONTROL
campo de control ES-MaACL
005 - FECHA Y HORA DE LA ÚLTIMA TRANSACCIÓN
campo de control 20251116063115.0
008 - DATOS DE LONGITUD FIJA--INFORMACIÓN GENERAL
campo de control de longitud fija 160701q1901 sp |||| | spa d
080 ## - NÚMERO DE LA CLASIFICACIÓN DECIMAL UNIVERSAL
Número de la Clasificación Decimal Universal 821.134.2-1"18"
100 1# - ENTRADA PRINCIPAL--NOMBRE DE PERSONA
Nombre de persona Peñaranda Carlos,
Fechas asociadas al nombre 1848-1908
9 (RLIN) 131101
245 13 - MENCIÓN DEL TÍTULO
Título La conversión de un zegrí
Resto del título : leyenda heróica sobre una tradición granadina. La Alhambra : poesía ... /
Mención de responsabilidad, etc. Cárlos Peñaranda ; con un prólogo por Narciso Campillo ; ilustrada por Rafael Hidalgo de Cavides.
250 ## - MENCION DE EDICION
Mención de edición 2ª ed.
260 ## - PUBLICACIÓN, DISTRIBUCIÓN, ETC.
Lugar de publicación, distribución, etc. Madrid :
Nombre del editor, distribuidor, etc. Libreria de Fernando Fe ;
Lugar de publicación, distribución, etc. Sevilla :
Nombre del editor, distribuidor, etc. Libreria de hijos de Fe,
Fecha de publicación, distribución, etc. [1901?]
300 ## - DESCRIPCIÓN FÍSICA
Extensión 104 p. :
Otras características físicas il. ;
Dimensiones 21 cm.
700 0# - ENTRADA AGREGADA--NOMBRE PERSONAL
Nombre de persona Hidalgo de Caviedes, Rafael.
9 (RLIN) 63586
852 ## - LOCALIZACIÓN
Ubicación ES-MaACL
Número de control de estantería T-1014-F-9
Nota libre .- Ded. ms. del autor
Holdings
Estatus retirado Estado de pérdida Estado de daño No para préstamo Colección Biblioteca de origen Biblioteca actual Ubicación en estantería Fecha de adquisición Fuente de adquisición Total de préstamos Signatura topográfica completa Código de barras Visto por última vez Precio de reemplazo Tipo de ítem Koha
        Colección de folletos Biblioteca del Ateneo de Madrid Biblioteca del Ateneo de Madrid Depósito folletos 01/07/2016     T-1014-F-9 1195546 23/02/2023 23/02/2023 Folleto